[Event "Belem Velha op 3rd"]
[Site "Belem"]
[Date "2015.05.02"]
[Round "4"]
[White "Mekhitarian, Krikor Sevag"]
[Black "Perdomo, Leandro Daniel"]
[Result "1-0"]
[WhiteElo "2572"]
[BlackElo "2419"]
[PlyCount "141"]
[EventDate "2015.04.30"]
[EventType "swiss"]
[EventRounds "7"]
[EventCountry "BRA"]
[SourceTitle "CBM 166 Extra"]
[Source "ChessBase"]
[SourceDate "2015.06.18"]
[SourceVersion "1"]
[SourceVersionDate "2015.06.18"]
[SourceQuality "1"]

1. e4 e5 2. Nf3 Nc6 3. Bc4 Nf6 4. Ng5 d5 5. exd5 Na5 6. Bb5+ c6 7. dxc6 bxc6 8.
Bd3 h6 9. Ne4 Nd5 10. O-O g6 11. Re1 Bg7 12. Bf1 f5 13. Ng3 O-O 14. d3 c5 15.
Nc3 Bb7 16. Nxd5 Qxd5 17. Ne2 Rad8 18. Nc3 Qd6 19. Be3 Nc6 20. Nb5 Qe7 21. c3
f4 22. Bd2 g5 23. Na3 Kh8 24. Nc4 Qf7 25. h3 h5 26. Re4 Bc8 27. Be2 Bf5 28.
Bxh5 Qd5 29. Qe2 Qxd3 30. Qxd3 Rxd3 31. Bf3 Na5 32. Nxa5 Bxe4 33. Bxe4 Rxd2 34.
Nc4 Rd7 35. Kf1 Rfd8 36. Ke2 Bf6 37. Re1 Kg7 38. Bf5 Rb7 39. Kf3 Rdb8 40. Rd1
Rd8 41. Re1 Rdb8 42. Re2 Rd8 43. Bc2 Re7 44. Kg4 Rd5 45. Nd2 Rxd2 46. Rxd2 e4
47. Re2 e3 48. fxe3 Rxe3 49. Rxe3 fxe3 50. Kf3 g4+ 51. Kxe3 gxh3 52. gxh3 Bg5+
53. Kd3 Bc1 54. b4 cxb4 55. c4 Kf6 56. Kd4 Ke6 57. Kc5 Bd2 58. h4 Bc3 59. h5
Bd2 60. Kc6 Be3 61. Ba4 Bf4 62. c5 Be3 63. Kb5 Bd2 64. c6 Kd6 65. Kc4 a6 66.
Kd3 Bg5 67. Ke4 Bd2 68. Kf5 Kc7 69. Kg6 Bc3 70. h6 Be5 71. Kf7 1-0

[Event "Belem Velha op 3rd"]
[Site "Belem"]
[Date "2015.05.02"]
[Round "5"]
[White "Rodi, Luis Ernesto"]
[Black "Mekhitarian, Krikor Sevag"]
[Result "0-1"]
[WhiteElo "2361"]
[BlackElo "2572"]
[PlyCount "46"]
[EventDate "2015.04.30"]
[EventType "swiss"]
[EventRounds "7"]
[EventCountry "BRA"]
[SourceTitle "CBM 166 Extra"]
[Source "ChessBase"]
[SourceDate "2015.06.18"]
[SourceVersion "1"]
[SourceVersionDate "2015.06.18"]
[SourceQuality "1"]

1. d4 Nf6 2. Bg5 d5 3. Bxf6 gxf6 4. c4 dxc4 5. Qa4+ c6 6. Qxc4 Qb6 7. b3 e5 8.
Nf3 Be6 9. Qd3 Na6 10. Nbd2 Nb4 11. Qe4 exd4 12. Nc4 Qc7 13. a3 f5 14. Qb1 Nd5
15. Nfe5 Bg7 16. Nd3 Qe7 17. Qb2 O-O 18. g3 b5 19. Nce5 c5 20. Bg2 Rac8 21. Rc1
Qd6 22. f4 Ne3 23. Bf3 f6 0-1

[Event "Belem Velha op 3rd"]
[Site "Belem"]
[Date "2015.05.03"]
[Round "6"]
[White "Mekhitarian, Krikor Sevag"]
[Black "De Oliveira, Victor Gabriel C"]
[Result "1-0"]
[WhiteElo "2572"]
[BlackElo "2112"]
[PlyCount "117"]
[EventDate "2015.04.30"]
[EventType "swiss"]
[EventRounds "7"]
[EventCountry "BRA"]
[SourceTitle "CBM 166 Extra"]
[Source "ChessBase"]
[SourceDate "2015.06.18"]
[SourceVersion "1"]
[SourceVersionDate "2015.06.18"]
[SourceQuality "1"]

1. Nf3 Nf6 2. c4 e6 3. Nc3 d5 4. d4 Be7 5. Bf4 O-O 6. e3 b6 7. cxd5 exd5 8. Bd3
Bb7 9. O-O Nbd7 10. Rc1 c5 11. dxc5 Nxc5 12. Bb1 Rc8 13. Nd4 g6 14. Ncb5 a6 15.
Na7 Ra8 16. Nac6 Qe8 17. Nxe7+ Qxe7 18. b4 Ne6 19. Be5 Rac8 20. Qd2 Nd7 21. Bg3
f5 22. a3 b5 23. h4 Nb6 24. Rxc8 Rxc8 25. h5 Nc4 26. Qd3 Nb2 27. Qb3 Nc4 28.
Rd1 Qf6 29. Nxe6 Qxe6 30. Qc3 Nb6 31. Qd4 Rc4 32. Qe5 Qxe5 33. Bxe5 Kf7 34. Bd4
Na4 35. Bd3 Rc8 36. hxg6+ hxg6 37. f3 Rc6 38. Kf2 Nb6 39. Rh1 Nd7 40. Rh7+ Ke8
41. Kg3 Bc8 42. Rh1 Nf8 43. Kf2 Ne6 44. Bb2 Ng5 45. Rh8+ Kf7 46. Rd8 Be6 47.
Ra8 Bc8 48. Ra7+ Kf8 49. Bg7+ Ke8 50. a4 bxa4 51. b5 Rb6 52. bxa6 Ne6 53. Be5
a3 54. Ra8 Kd7 55. a7 Bb7 56. Rb8 Kc6 57. a8=Q Bxa8 58. Rxa8 Rb3 59. Bc2 1-0

[Event "Belem Velha op 3rd"]
[Site "Belem"]
[Date "2015.05.03"]
[Round "7"]
[White "Leitao, Rafael Duailibe"]
[Black "Mekhitarian, Krikor Sevag"]
[Result "1/2-1/2"]
[WhiteElo "2628"]
[BlackElo "2572"]
[PlyCount "51"]
[EventDate "2015.04.30"]
[EventType "swiss"]
[EventRounds "7"]
[EventCountry "BRA"]
[SourceTitle "CBM 166 Extra"]
[Source "ChessBase"]
[SourceDate "2015.06.18"]
[SourceVersion "1"]
[SourceVersionDate "2015.06.18"]
[SourceQuality "1"]

1. Nf3 Nf6 2. c4 e6 3. g3 d5 4. Bg2 dxc4 5. Qa4+ Nbd7 6. Qxc4 a6 7. Qc2 c5 8.
O-O Qc7 9. d4 Bd6 10. Rd1 O-O 11. Nc3 cxd4 12. Nxd4 Rb8 13. a4 Re8 14. Bd2 Bc5
15. Be1 e5 16. Nb3 Bf8 17. Rac1 b5 18. axb5 axb5 19. Qd3 Qc4 20. Qxc4 bxc4 21.
Na5 Rxb2 22. Nxc4 Rb8 23. Nd5 Bb7 24. Nce3 Nxd5 25. Nxd5 Nc5 26. Rb1 1/2-1/2

[Event "Mercosur Cup 19th"]
[Site "Buenos Aires"]
[Date "2015.06.12"]
[Round "9"]
[White "Mekhitarian, Krikor Sevag"]
[Black "Valerga, Diego"]
[Result "1-0"]
[WhiteElo "2570"]
[BlackElo "2488"]
[PlyCount "63"]
[EventDate "2015.06.04"]
[EventType "tourn"]
[EventRounds "11"]
[EventCountry "ARG"]
[EventCategory "10"]
[SourceTitle "CBM 166 Extra"]
[Source "ChessBase"]
[SourceDate "2015.06.18"]
[SourceVersion "1"]
[SourceVersionDate "2015.06.18"]
[SourceQuality "1"]

1. e4 e6 2. d4 d5 3. Nc3 Bb4 4. e5 c5 5. a3 Bxc3+ 6. bxc3 Ne7 7. Qg4 Qc7 8.
Qxg7 Rg8 9. Qxh7 cxd4 10. Ne2 Nbc6 11. f4 Bd7 12. Qd3 dxc3 13. h4 O-O-O 14. h5
d4 15. h6 Be8 16. h7 Rh8 17. g4 Nd5 18. Rb1 f6 19. exf6 Nxf6 20. g5 Rxh7 21.
Bh3 Ng4 22. Qe4 Nce5 23. fxe5 Bc6 24. Qxg4 Bxh1 25. Qxe6+ Kb8 26. Bf4 Be4 27.
Qf6 Qe7 28. Nxd4 Qxf6 29. exf6+ Ka8 30. Ne6 Rc8 31. Kf2 Bxc2 32. Rc1 1-0

[Event "Mercosur Cup 19th"]
[Site "Buenos Aires"]
[Date "2015.06.13"]
[Round "10"]
[White "Quesada Perez, Yuniesky"]
[Black "Mekhitarian, Krikor Sevag"]
[Result "1/2-1/2"]
[WhiteElo "2647"]
[BlackElo "2570"]
[PlyCount "25"]
[EventDate "2015.06.04"]
[EventType "tourn"]
[EventRounds "11"]
[EventCountry "ARG"]
[EventCategory "10"]
[SourceTitle "CBM 166 Extra"]
[Source "ChessBase"]
[SourceDate "2015.06.18"]
[SourceVersion "1"]
[SourceVersionDate "2015.06.18"]
[SourceQuality "1"]

1. e4 e5 2. Nf3 Nc6 3. Bb5 Nf6 4. O-O Nxe4 5. Re1 Nd6 6. Nxe5 Be7 7. Bf1 Nxe5
8. Rxe5 O-O 9. d4 Bf6 10. Re1 Re8 11. c3 Nf5 12. Rxe8+ Qxe8 13. Bf4 1/2-1/2

[Event "Mercosur Cup 19th"]
[Site "Buenos Aires"]
[Date "2015.06.14"]
[Round "11"]
[White "Mekhitarian, Krikor Sevag"]
[Black "Slipak, Sergio"]
[Result "1/2-1/2"]
[WhiteElo "2570"]
[BlackElo "2433"]
[PlyCount "31"]
[EventDate "2015.06.04"]
[EventType "tourn"]
[EventRounds "11"]
[EventCountry "ARG"]
[EventCategory "10"]
[SourceTitle "CBM 166 Extra"]
[Source "ChessBase"]
[SourceDate "2015.06.18"]
[SourceVersion "1"]
[SourceVersionDate "2015.06.18"]
[SourceQuality "1"]

1. Nf3 Nf6 2. c4 e6 3. Nc3 d5 4. d4 a6 5. cxd5 exd5 6. Bg5 Be6 7. e3 Nbd7 8.
Bd3 Bd6 9. O-O c6 10. h3 Qc7 11. Qd2 Nh5 12. e4 h6 13. Be3 dxe4 14. Bxe4 Ndf6
15. Bc2 O-O-O 16. Qe2 1/2-1/2

[Event "Arlington DC op 3rd"]
[Site "Arlington"]
[Date "2015.06.27"]
[Round "4"]
[White "Jayakumar, Adarsh"]
[Black "Mekhitarian, Krikor Sevag"]
[Result "1-0"]
[WhiteElo "2291"]
[BlackElo "2570"]
[PlyCount "103"]
[EventDate "2015.06.25"]
[EventType "swiss"]
[EventRounds "9"]
[EventCountry "USA"]
[SourceTitle "CBM 167 Extra"]
[Source "ChessBase"]
[SourceDate "2015.09.14"]
[SourceVersion "1"]
[SourceVersionDate "2015.09.14"]
[SourceQuality "1"]

1. d4 Nf6 2. c4 g6 3. Nf3 Bg7 4. g3 c5 5. d5 O-O 6. Nc3 d6 7. Bg2 e6 8. O-O
exd5 9. cxd5 Re8 10. Nd2 a6 11. a4 Nbd7 12. Nc4 Ne5 13. Na3 Rb8 14. h3 Nh5 15.
e4 Bd7 16. a5 b5 17. axb6 Bb5 18. Ncxb5 axb5 19. g4 b4 20. gxh5 bxa3 21. hxg6
hxg6 22. Rxa3 Rxb6 23. Qc2 Rb4 24. b3 Qh4 25. Bd2 Rbb8 26. f4 Nd7 27. Bc3 Qh8
28. e5 dxe5 29. Ra7 Rbd8 30. Ba5 exf4 31. Bxd8 Bd4+ 32. Kh1 Rxd8 33. Rxf4 Qe5
34. Qe4 Qd6 35. b4 Qb8 36. Ra6 Re8 37. Rxg6+ Bg7 38. Qf5 Re1+ 39. Bf1 Rxf1+ 40.
Rxf1 fxg6 41. Qxd7 cxb4 42. Qf7+ Kh7 43. Rf4 g5 44. Qh5+ Kg8 45. Re4 Kf8 46.
Qxg5 b3 47. Re7 Bc3 48. Rd7 Qe5 49. Rd8+ Kf7 50. Qg8+ Kf6 51. Rf8+ Ke7 52. Re8+
1-0

[Event "Arlington DC op 3rd"]
[Site "Arlington"]
[Date "2015.06.27"]
[Round "5"]
[White "Mekhitarian, Krikor Sevag"]
[Black "Tarhon, Brian"]
[Result "1-0"]
[WhiteElo "2570"]
[BlackElo "2209"]
[PlyCount "63"]
[EventDate "2015.06.25"]
[EventType "swiss"]
[EventRounds "9"]
[EventCountry "USA"]
[SourceTitle "CBM 167 Extra"]
[Source "ChessBase"]
[SourceDate "2015.09.14"]
[SourceVersion "1"]
[SourceVersionDate "2015.09.14"]
[SourceQuality "1"]

1. e4 c5 2. Nf3 e6 3. d4 cxd4 4. Nxd4 a6 5. Nc3 Qc7 6. Qf3 Nc6 7. Be3 Nf6 8.
O-O-O Be7 9. Be2 O-O 10. g4 d6 11. g5 Nd7 12. h4 b5 13. g6 Nxd4 14. gxh7+ Kh8
15. Bxd4 e5 16. Nd5 Qd8 17. Be3 Bb7 18. h5 Bxd5 19. Rxd5 Nb6 20. Rdd1 Rc8 21.
Rhg1 Nc4 22. Bxc4 Rxc4 23. Kb1 Bf6 24. Rg4 Kxh7 25. Rdg1 Kh8 26. Qg2 Rg8 27.
Bh6 Qf8 28. b3 Rc8 29. Bc1 Rd8 30. h6 gxh6 31. Rxg8+ Qxg8 32. Qf3 1-0

[Event "Arlington DC op 3rd"]
[Site "Arlington"]
[Date "2015.06.28"]
[Round "6"]
[White "Aikhoje, Odion"]
[Black "Mekhitarian, Krikor Sevag"]
[Result "1/2-1/2"]
[WhiteElo "2274"]
[BlackElo "2570"]
[PlyCount "112"]
[EventDate "2015.06.25"]
[EventType "swiss"]
[EventRounds "9"]
[EventCountry "USA"]
[SourceTitle "CBM 167 Extra"]
[Source "ChessBase"]
[SourceDate "2015.09.14"]
[SourceVersion "1"]
[SourceVersionDate "2015.09.14"]
[SourceQuality "1"]

1. Nf3 Nf6 2. d4 d5 3. Bg5 Ne4 4. Bf4 c5 5. c3 Nc6 6. e3 Qb6 7. Qb3 c4 8. Qc2
Bf5 9. Qc1 f6 10. h3 e5 11. Bh2 Bd6 12. Nbd2 exd4 13. Nxe4 Bxh2 14. Nxd4 Nxd4
15. Rxh2 Ne6 16. Ng3 Bg6 17. Ne2 O-O 18. Qd2 Rad8 19. h4 Rfe8 20. h5 Bd3 21.
Rh4 Nc5 22. Rd4 Ne6 23. Rh4 Qc7 24. Nd4 Nc5 25. Bxd3 Nxd3+ 26. Kf1 Re4 27. Rh3
Qd7 28. b3 f5 29. Ne2 Rde8 30. Rd1 Qe6 31. Kg1 b5 32. Nc1 Nxc1 33. Qxc1 Rd8 34.
b4 Qf6 35. Rd4 Rxd4 36. exd4 f4 37. Qa3 Qe7 38. Qa6 Qd7 39. h6 g6 40. Qf6 Rf8
41. Qe5 Rf5 42. Qb8+ Rf8 43. Qe5 Rf5 44. Qb8+ Kf7 45. Qh8 Ke6 46. Qg7 Rf6 47.
Rh4 Qxg7 48. hxg7 Kf7 49. Rxh7 Ra6 50. g8=Q+ Kxg8 51. Rb7 Rxa2 52. Rxb5 Rc2 53.
Rxd5 Rxc3 54. Rd7 Rb3 55. Rxa7 Rxb4 56. Rc7 c3 1/2-1/2

[Event "Arlington DC op 3rd"]
[Site "Arlington"]
[Date "2015.06.28"]
[Round "7"]
[White "Mekhitarian, Krikor Sevag"]
[Black "Hua, David A"]
[Result "1/2-1/2"]
[WhiteElo "2570"]
[BlackElo "2319"]
[PlyCount "77"]
[EventDate "2015.06.25"]
[EventType "swiss"]
[EventRounds "9"]
[EventCountry "USA"]
[SourceTitle "CBM 167 Extra"]
[Source "ChessBase"]
[SourceDate "2015.09.14"]
[SourceVersion "1"]
[SourceVersionDate "2015.09.14"]
[SourceQuality "1"]

1. e4 e5 2. Nf3 Nc6 3. Bb5 a6 4. Ba4 Nf6 5. O-O Be7 6. Re1 b5 7. Bb3 d6 8. c3
O-O 9. h3 Na5 10. Bc2 c5 11. d4 Nd7 12. d5 Nb6 13. Nbd2 Nb7 14. b3 f5 15. a4 f4
16. Bd3 c4 17. Bf1 Bd7 18. a5 Nc8 19. bxc4 Qc7 20. Ba3 Nxa5 21. cxb5 axb5 22.
Bb4 Ra7 23. Ra3 Rf7 24. Qa1 Nc4 25. Rxa7 Nxa7 26. Nxc4 bxc4 27. Bxc4 Qxc4 28.
Qxa7 Qc8 29. Ra1 Bxh3 30. Qa8 Bf8 31. Qxc8 Bxc8 32. Ra8 Rc7 33. Nxe5 dxe5 34.
Bxf8 Kxf8 35. d6 Rd7 36. Rxc8+ Kf7 37. Rc7 Ke6 38. Kh2 h5 39. Kh3 1/2-1/2

[Event "Arlington DC op 3rd"]
[Site "Arlington"]
[Date "2015.06.29"]
[Round "8"]
[White "Chandran, Kapil"]
[Black "Mekhitarian, Krikor Sevag"]
[Result "1-0"]
[WhiteElo "2257"]
[BlackElo "2570"]
[PlyCount "109"]
[EventDate "2015.06.25"]
[EventType "swiss"]
[EventRounds "9"]
[EventCountry "USA"]
[SourceTitle "CBM 167 Extra"]
[Source "ChessBase"]
[SourceDate "2015.09.14"]
[SourceVersion "1"]
[SourceVersionDate "2015.09.14"]
[SourceQuality "1"]

1. d4 Nf6 2. c4 e6 3. Nf3 Bb4+ 4. Nbd2 a5 5. g3 d5 6. Bg2 O-O 7. O-O b6 8. a3
Be7 9. b3 Bb7 10. Bb2 Nbd7 11. e3 c5 12. a4 Rc8 13. Rc1 Rc7 14. Qe2 Qa8 15. Ne5
Re8 16. Rfd1 Bf8 17. Re1 h6 18. Red1 Rcc8 19. Qf1 Qb8 20. Nxd7 Nxd7 21. cxd5
exd5 22. Nb1 Qa8 23. Nc3 Nf6 24. Bf3 Red8 25. Nb5 Ne4 26. Qe1 c4 27. Bxe4 c3
28. Bd3 cxb2 29. Rb1 Bc6 30. Rxb2 Qb7 31. Qe2 g6 32. Rdd2 Bb4 33. Rdc2 Qe7 34.
Rb1 Bd7 35. Rbc1 h5 36. Rxc8 Rxc8 37. Rxc8+ Bxc8 38. Qf3 Be6 39. Qf4 Be1 40.
Nc7 Kh7 41. Qe5 Qd7 42. Qxh5+ Kg8 43. Qe5 Bb4 44. Nxe6 Qxe6 45. Qxe6 fxe6 46.
Bxg6 Kg7 47. Bd3 Kf6 48. f4 Bd2 49. Kf2 Bc1 50. h4 Kg7 51. h5 Kh6 52. g4 Bd2
53. Kf3 Bc1 54. Bb5 Bd2 55. Bd7 1-0

[Event "Arlington DC op 3rd"]
[Site "Arlington"]
[Date "2015.06.30"]
[Round "9"]
[White "Mekhitarian, Krikor Sevag"]
[Black "Colas, Joshua"]
[Result "1-0"]
[WhiteElo "2570"]
[BlackElo "2241"]
[PlyCount "141"]
[EventDate "2015.06.25"]
[EventType "swiss"]
[EventRounds "9"]
[EventCountry "USA"]
[SourceTitle "CBM 167 Extra"]
[Source "ChessBase"]
[SourceDate "2015.09.14"]
[SourceVersion "1"]
[SourceVersionDate "2015.09.14"]
[SourceQuality "1"]

1. e4 c5 2. Nf3 e6 3. d4 cxd4 4. Nxd4 a6 5. Nc3 Qc7 6. Qf3 Nf6 7. Bg5 Be7 8.
O-O-O Nc6 9. Be2 d6 10. Qg3 e5 11. Nf5 Bxf5 12. exf5 Nd4 13. Bxf6 Bxf6 14. Bd3
Qc6 15. Be4 Qxc3 16. Qxc3 Ne2+ 17. Kd2 Nxc3 18. Kxc3 Rc8+ 19. Kb3 Ke7 20. a4 b6
21. Bb7 Rc5 22. Bxa6 d5 23. Rhe1 Rd8 24. c3 Kf8 25. f3 d4 26. c4 g6 27. fxg6
hxg6 28. Kc2 Bg7 29. b4 Rc7 30. Kd3 f5 31. Re2 Rd6 32. Rde1 Re6 33. g4 Ke7 34.
h4 Kd6 35. gxf5 gxf5 36. a5 bxa5 37. c5+ Ke7 38. Bc4 Rh6 39. Rxe5+ Bxe5 40.
Rxe5+ Kf6 41. Re6+ Kg7 42. Rxh6 Kxh6 43. bxa5 Rxc5 44. a6 Ra5 45. Kxd4 Kh5 46.
Kc3 Kxh4 47. Kb4 Ra1 48. Bb5 Kg3 49. Ba4 Rb1+ 50. Ka5 Rc1 51. a7 Rc8 52. Bc6
Rxc6 53. a8=Q Rc3 54. Qg8+ Kf2 55. f4 Rf3 56. Qg5 Ke3 57. Qxf5 Rxf4 58. Qe5+
Kf3 59. Kb5 Kg4 60. Qe2+ Kg5 61. Kc5 Rf5+ 62. Kd4 Rf4+ 63. Ke3 Rf5 64. Qd3 Rf6
65. Ke4 Re6+ 66. Kd5 Rg6 67. Ke5 Kh6 68. Kf5 Kg7 69. Qd7+ Kh6 70. Qe8 Rg7 71.
Qh8+ 1-0

[Event "Cuiaba Contaud op"]
[Site "Cuiaba"]
[Date "2015.07.31"]
[Round "1"]
[White "Mekhitarian, Krikor Sevag"]
[Black "Montufar Berrios, Lesly Viviane"]
[Result "1-0"]
[WhiteElo "2589"]
[BlackElo "1883"]
[PlyCount "139"]
[EventDate "2015.07.31"]
[EventType "swiss"]
[EventRounds "6"]
[EventCountry "BRA"]
[SourceTitle "EXT 2016"]
[Source "ChessBase"]
[SourceDate "2015.10.08"]
[SourceVersion "1"]
[SourceVersionDate "2015.10.08"]
[SourceQuality "1"]

1. e4 c5 2. Nf3 d6 3. d4 cxd4 4. Nxd4 Nf6 5. Nc3 a6 6. h3 e5 7. Nde2 Be7 8. g4
Be6 9. Bg2 O-O 10. O-O b5 11. a4 b4 12. Nd5 Nxd5 13. exd5 Bc8 14. Ng3 Nd7 15.
a5 Nc5 16. Be3 Rb8 17. Qd2 f5 18. gxf5 Bxf5 19. f4 exf4 20. Rxf4 Qd7 21. Nxf5
Rxf5 22. Rxb4 Rxb4 23. Qxb4 Qe8 24. Re1 Qf7 25. Qc4 g6 26. Bxc5 dxc5 27. Qxa6
Bh4 28. Rf1 Rxf1+ 29. Qxf1 Qxf1+ 30. Kxf1 Bd8 31. a6 Bb6 32. Ke2 Kf7 33. Be4
Ke7 34. Kf3 Kf6 35. Kf4 Bc7+ 36. Ke3 Bb6 37. Kd3 Ke7 38. Kc4 Kd6 39. Bf3 Ba7
40. Be4 Bb6 41. h4 Ba7 42. Kd3 Bb6 43. c4 Ke7 44. Ke3 Kf7 45. Bg2 Ke7 46. Kf4
Kd6 47. Kg5 Bd8+ 48. Kh6 Kc7 49. d6+ Kb6 50. Bb7 Bxh4 51. Kxh7 Bg3 52. d7 Bc7
53. Kxg6 Bd8 54. Kf7 Kc7 55. Ke8 Bg5 56. Bd5 Kb6 57. d8=Q+ Bxd8 58. Kxd8 Kxa6
59. Kc7 Ka5 60. Kc6 Kb4 61. Kb6 Kb3 62. Kxc5 Kxb2 63. Kd4 Kb3 64. c5+ Kb4 65.
c6 Kb5 66. c7 Kb6 67. c8=Q Kb5 68. Qb7+ Ka4 69. Kc4 Ka3 70. Qb3# 1-0

[Event "Cuiaba Contaud op"]
[Site "Cuiaba"]
[Date "2015.07.31"]
[Round "2"]
[White "Rothebarth, Ana Vitoria de Paul"]
[Black "Mekhitarian, Krikor Sevag"]
[Result "0-1"]
[WhiteElo "2046"]
[BlackElo "2589"]
[PlyCount "60"]
[EventDate "2015.07.31"]
[EventType "swiss"]
[EventRounds "6"]
[EventCountry "BRA"]
[SourceTitle "EXT 2016"]
[Source "ChessBase"]
[SourceDate "2015.10.08"]
[SourceVersion "1"]
[SourceVersionDate "2015.10.08"]
[SourceQuality "1"]

1. e4 c5 2. Nc3 Nc6 3. f4 g6 4. Nf3 Bg7 5. Bb5 Nd4 6. O-O a6 7. Bd3 d6 8. Nxd4
cxd4 9. Ne2 Nf6 10. Kh1 e5 11. b3 O-O 12. fxe5 dxe5 13. c3 b5 14. Ng1 Bb7 15.
Qe2 Rc8 16. Bb2 Nd7 17. c4 b4 18. Bc2 Nc5 19. d3 f5 20. exf5 gxf5 21. Qh5 Rc6
22. Rf2 Rh6 23. Qe2 e4 24. Raf1 Qd6 25. h3 f4 26. Qd1 e3 27. Re2 f3 28. Nxf3
Bxf3 29. gxf3 Rxh3+ 30. Kg1 Qh6 0-1

[Event "Cuiaba Contaud op"]
[Site "Cuiaba"]
[Date "2015.08.01"]
[Round "3"]
[White "Mekhitarian, Krikor Sevag"]
[Black "Delgado, Lidio Dias"]
[Result "1-0"]
[WhiteElo "2589"]
[BlackElo "2259"]
[PlyCount "79"]
[EventDate "2015.07.31"]
[EventType "swiss"]
[EventRounds "6"]
[EventCountry "BRA"]
[SourceTitle "EXT 2016"]
[Source "ChessBase"]
[SourceDate "2015.10.08"]
[SourceVersion "1"]
[SourceVersionDate "2015.10.08"]
[SourceQuality "1"]

1. e4 c5 2. Nf3 d6 3. d4 cxd4 4. Nxd4 Nf6 5. Nc3 a6 6. h3 e5 7. Nde2 h5 8. g3
Be6 9. Bg2 Nbd7 10. a4 Rc8 11. Be3 Nb6 12. O-O Nc4 13. Bc1 Qd7 14. Kh2 h4 15.
g4 Be7 16. Nd5 Bxd5 17. exd5 Qc7 18. b3 Nb6 19. c4 Nbd7 20. a5 Nh7 21. f4 exf4
22. Nxf4 Bf6 23. Ra2 Be5 24. Kh1 O-O 25. Nd3 Rce8 26. Nxe5 Nxe5 27. Qd4 Qd8 28.
Bb2 Ng5 29. Bc3 f6 30. Qf2 Nef7 31. Qxh4 Re3 32. Rc2 Rfe8 33. Kh2 Ne4 34. Be1
Rxb3 35. Qh5 Nc5 36. Qg6 Ne5 37. Qf5 Nf7 38. Bc3 Ng5 39. Qg6 Nge4 40. Re1 {
tempo} 1-0

[Event "Cuiaba Contaud op"]
[Site "Cuiaba"]
[Date "2015.08.01"]
[Round "4"]
[White "Santos, Marcus Vinicius M"]
[Black "Mekhitarian, Krikor Sevag"]
[Result "1-0"]
[WhiteElo "2329"]
[BlackElo "2589"]
[PlyCount "123"]
[EventDate "2015.07.31"]
[EventType "swiss"]
[EventRounds "6"]
[EventCountry "BRA"]
[SourceTitle "EXT 2016"]
[Source "ChessBase"]
[SourceDate "2015.10.08"]
[SourceVersion "1"]
[SourceVersionDate "2015.10.08"]
[SourceQuality "1"]

1. d4 Nf6 2. c4 e6 3. Nc3 Bb4 4. e3 O-O 5. Nge2 d5 6. a3 Bd6 7. Ng3 c6 8. Bd3
e5 9. cxd5 cxd5 10. Nb5 e4 11. Nxd6 Qxd6 12. Be2 Nc6 13. b4 Be6 14. b5 Ne7 15.
a4 Qd7 16. Ba3 Rfe8 17. O-O Ng6 18. Qb3 Nh4 19. Rfc1 h5 20. Qb4 Bh3 21. Qd6
Qxd6 22. Bxd6 Bxg2 23. Nxh5 Nxh5 24. Bxh5 Bf3 25. Bxf3 Nxf3+ 26. Kg2 Nd2 27.
Rc7 Nc4 28. Bg3 b6 29. Bh4 Re6 30. Kh3 Rh6 31. Rg1 Nd2 32. Rg4 Nf3 33. Kg3 a6
34. Bg5 Rg6 35. Bf4 Rxg4+ 36. Kxg4 axb5 37. axb5 Ra5 38. Rc8+ Kh7 39. Rc7 f6
40. h4 Rxb5 41. h5 Rb1 42. h6 Rg1+ 43. Kf5 b5 44. Rb7 Rg2 45. hxg7 Rxf2 46.
Kxf6 Rg2 47. Ke6 Rxg7 48. Rxb5 Kg6 49. Rxd5 Rf7 50. Rd6 Ra7 51. d5 Rf7 52. Rc6
Nd4+ 53. exd4 Rxf4 54. Ke5+ Kg5 55. Rg6+ Kxg6 56. Kxf4 Kf6 57. Kxe4 Ke7 58. Ke5
Kd7 59. d6 Kd8 60. Ke6 Ke8 61. d7+ Kd8 62. d5 1-0

[Event "Cuiaba Contaud op"]
[Site "Cuiaba"]
[Date "2015.08.02"]
[Round "5"]
[White "Mekhitarian, Krikor Sevag"]
[Black "Cohen Farias, Paulo"]
[Result "1-0"]
[WhiteElo "2589"]
[BlackElo "2225"]
[PlyCount "51"]
[EventDate "2015.07.31"]
[EventType "swiss"]
[EventRounds "6"]
[EventCountry "BRA"]
[SourceTitle "EXT 2016"]
[Source "ChessBase"]
[SourceDate "2015.10.08"]
[SourceVersion "1"]
[SourceVersionDate "2015.10.08"]
[SourceQuality "1"]

1. e4 c5 2. Nf3 d6 3. d4 cxd4 4. Nxd4 Nf6 5. Nc3 a6 6. Be3 e5 7. Nb3 Be6 8. f3
d5 9. exd5 Nxd5 10. Nxd5 Qxd5 11. Qxd5 Bxd5 12. O-O-O Be6 13. Nc5 Bxc5 14. Bxc5
f6 15. Rd6 Kf7 16. Rb6 Bd5 17. Be3 Nd7 18. Rd6 Be6 19. Bc4 Bxc4 20. Rxd7+ Kg6
21. Rxb7 h5 22. b3 Be6 23. Rd1 Bf5 24. Rb6 Rhc8 25. c4 a5 26. a4 1-0

[Event "Cuiaba Contaud op"]
[Site "Cuiaba"]
[Date "2015.08.02"]
[Round "6"]
[White "Quiroga, Facundo"]
[Black "Mekhitarian, Krikor Sevag"]
[Result "0-1"]
[WhiteElo "2279"]
[BlackElo "2589"]
[PlyCount "174"]
[EventDate "2015.07.31"]
[EventType "swiss"]
[EventRounds "6"]
[EventCountry "BRA"]
[SourceTitle "EXT 2016"]
[Source "ChessBase"]
[SourceDate "2015.10.08"]
[SourceVersion "1"]
[SourceVersionDate "2015.10.08"]
[SourceQuality "1"]

1. d4 Nf6 2. c4 g6 3. Nf3 Bg7 4. g3 d5 5. cxd5 Nxd5 6. Bg2 Nb6 7. Nc3 Nc6 8. e3
O-O 9. O-O Re8 10. Qc2 a5 11. Rd1 a4 12. Ne5 Nb4 13. Qe2 c6 14. a3 Na6 15. Be4
Bxe5 16. dxe5 Qc7 17. Bc2 Nc5 18. e4 Qxe5 19. Be3 Ra5 20. Rd4 Nb3 21. Bxb3 axb3
22. Rad1 Qc7 23. Rb4 Nd7 24. Rxb3 Rh5 25. Rb4 c5 26. Ra4 Qc6 27. Rd5 Nb6 28.
Rxh5 Nxa4 29. Rd5 Be6 30. Qc2 Ra8 31. Rd1 Nxc3 32. Qxc3 Qxe4 33. Qxc5 Qf3 34.
Qd4 f6 35. Qd3 Kf7 36. Bc5 Qc6 37. Qe3 Rc8 38. Re1 Rc7 39. Bb4 g5 40. f3 Rd7
41. Qe4 Qxe4 42. Rxe4 Bd5 43. Rd4 e5 44. Rd2 Ke6 45. Kf2 Rc7 46. Bc3 h5 47. h3
g4 48. fxg4 hxg4 49. h4 b5 50. Ke3 f5 51. Kf2 Rc8 52. Re2 Be4 53. Ke3 Bf3 54.
Re1 Rf8 55. Kf2 Be4 56. Ke3 Rd8 57. Kf2 Rd3 58. Re3 Rd5 59. Re1 Bf3 60. Ke3 Rd7
61. Kf2 Be4 62. Re3 Rc7 63. Re2 Rc5 64. Ke3 Bf3 65. Re1 Rc4 66. Kf2 Be4 67. Ke3
Rc8 68. Kf2 Rg8 69. Ke3 Rd8 70. Kf2 Rd5 71. Bb4 Rd7 72. Bc3 Re7 73. Ke3 Bf3 74.
Kf2 Kd5 75. Ke3 Re6 76. Rc1 Rf6 77. Kf2 f4 78. Bb4 Ke4 79. Re1+ Kf5 80. Bc3 Re6
81. gxf4 exf4 82. Rxe6 Kxe6 83. Ba5 Bd1 84. Bb6 Kf5 85. Ke1 Bc2 86. Kf2 g3+ 87.
Ke1 Kg4 0-1

[Event "Sao Paulo Cordiolla Memorial"]
[Site "Sao Paulo"]
[Date "2015.09.05"]
[Round "1"]
[White "Nunes, Agatha Hurba"]
[Black "Mekhitarian, Krikor Sevag"]
[Result "0-1"]
[WhiteElo "1882"]
[BlackElo "2554"]
[PlyCount "52"]
[EventDate "2015.09.05"]
[EventType "swiss"]
[EventRounds "6"]
[EventCountry "BRA"]
[SourceTitle "EXT 2016"]
[Source "ChessBase"]
[SourceDate "2015.10.08"]
[SourceVersion "1"]
[SourceVersionDate "2015.10.08"]
[SourceQuality "1"]

1. d4 Nf6 2. Nf3 g6 3. c4 Bg7 4. Nc3 d5 5. cxd5 Nxd5 6. e4 Nxc3 7. bxc3 c5 8.
Rb1 O-O 9. Be2 b6 10. O-O Qc7 11. Be3 Nd7 12. Qc1 Nf6 13. Bf4 Qb7 14. e5 Nd5
15. dxc5 Bf5 16. Rb3 Rfc8 17. Bh6 Rxc5 18. Bxg7 Kxg7 19. c4 Be4 20. Qg5 Nc7 21.
Qxe7 Ne6 22. Qxb7 Bxb7 23. Rd1 Ra5 24. a3 Rc8 25. Rd7 Nc5 26. Rxb7 Nxb7 0-1